<?xml version="1.0" encoding="UTF-8"?>
<record
    xmlns:xsi="http://www.w3.org/2001/XMLSchema-instance"
    xsi:schemaLocation="http://www.loc.gov/MARC21/slim http://www.loc.gov/standards/marcxml/schema/MARC21slim.xsd"
    xmlns="http://www.loc.gov/MARC21/slim">

  <leader>00651    a2200205   4500</leader>
  <controlfield tag="003">IN-BaIIA</controlfield>
  <controlfield tag="005">20220827105131.0</controlfield>
  <controlfield tag="008">220823b           ||||| |||| 00| 0 eng d</controlfield>
  <datafield tag="020" ind1=" " ind2=" ">
    <subfield code="a">978-0-7503-1288-2</subfield>
  </datafield>
  <datafield tag="040" ind1=" " ind2=" ">
    <subfield code="c">IIA LIB</subfield>
  </datafield>
  <datafield tag="080" ind1=" " ind2=" ">
    <subfield code="a">524.386/ PRA</subfield>
  </datafield>
  <datafield tag="100" ind1=" " ind2=" ">
    <subfield code="a">Prsa, Andrej</subfield>
    <subfield code="9">48964</subfield>
  </datafield>
  <datafield tag="245" ind1=" " ind2=" ">
    <subfield code="a">Modeling and analysis of eclipsing binary stars</subfield>
    <subfield code="b">the theory and design principles of PHOEBE</subfield>
    <subfield code="c">Andrej Prsa</subfield>
  </datafield>
  <datafield tag="260" ind1=" " ind2=" ">
    <subfield code="a">Bristol, UK</subfield>
    <subfield code="b">IOP Publishing</subfield>
    <subfield code="c">2018</subfield>
  </datafield>
  <datafield tag="300" ind1=" " ind2=" ">
    <subfield code="a">[various pagings]</subfield>
  </datafield>
  <datafield tag="490" ind1=" " ind2=" ">
    <subfield code="a">AAS-IOP Astronomy</subfield>
    <subfield code="x">2515-141X</subfield>
  </datafield>
  <datafield tag="650" ind1=" " ind2=" ">
    <subfield code="a">Eclipsing binaries</subfield>
    <subfield code="9">7591</subfield>
  </datafield>
  <datafield tag="650" ind1=" " ind2=" ">
    <subfield code="a">Eclipsing binaries-Light curves</subfield>
    <subfield code="9">48973</subfield>
  </datafield>
  <datafield tag="942" ind1=" " ind2=" ">
    <subfield code="2">udc</subfield>
    <subfield code="c">BK</subfield>
  </datafield>
  <datafield tag="999" ind1=" " ind2=" ">
    <subfield code="c">35943</subfield>
    <subfield code="d">35943</subfield>
  </datafield>
  <datafield tag="952" ind1=" " ind2=" ">
    <subfield code="0">0</subfield>
    <subfield code="1">0</subfield>
    <subfield code="2">udc</subfield>
    <subfield code="4">0</subfield>
    <subfield code="7">0</subfield>
    <subfield code="a">BAN</subfield>
    <subfield code="b">BAN</subfield>
    <subfield code="c">GEN</subfield>
    <subfield code="d">2022-08-20</subfield>
    <subfield code="e">11</subfield>
    <subfield code="g">11825.55</subfield>
    <subfield code="l">1</subfield>
    <subfield code="o">524.386/ PRA</subfield>
    <subfield code="p">20516</subfield>
    <subfield code="r">2026-03-05</subfield>
    <subfield code="s">2026-03-05</subfield>
    <subfield code="v">12580.08</subfield>
    <subfield code="w">2022-08-20</subfield>
    <subfield code="y">BK</subfield>
    <subfield code="G"></subfield>
  </datafield>
</record>
